Keshav kaumudi II (Record no. 148030)

MARC details
000 -LEADER
fixed length control field 00597nam a2200217Ia 4500
003 - CONTROL NUMBER IDENTIFIER
control field OSt
005 - DATE AND TIME OF LATEST TRANSACTION
control field 20260224115303.0
008 - FIXED-LENGTH DATA ELEMENTS--GENERAL INFORMATION
fixed length control field 210210b1931 xxu||||| |||| 00| 0 eng d
040 ## - CATALOGING SOURCE
Transcribing agency AL
041 ## - LANGUAGE CODE
Language code of text/sound track or separate title hindi
082 ## - DEWEY DECIMAL CLASSIFICATION NUMBER
Classification number 861/105
100 ## - MAIN ENTRY--PERSONAL NAME
Personal name LAL (Bhagvandeen)
Dates associated with a name लाल (भगवानदीन)
9 (RLIN) 256515
245 ## - TITLE STATEMENT
Title Keshav kaumudi II
Remainder of title केशव कौमुदी द्वितीय
260 ## - PUBLICATION, DISTRIBUTION, ETC.
Place of publication, distribution, etc. IlAhAbAd
Name of publisher, distributor, etc. -
Date of publication, distribution, etc. 1931
650 ## - SUBJECT ADDED ENTRY--TOPICAL TERM
Topical term or geographic name entry element Keshav
9 (RLIN) 256516
650 ## - SUBJECT ADDED ENTRY--TOPICAL TERM
Topical term or geographic name entry element kaumudi
9 (RLIN) 256517
650 ## - SUBJECT ADDED ENTRY--TOPICAL TERM
Topical term or geographic name entry element II
9 (RLIN) 256518
690 ## - LOCAL SUBJECT ADDED ENTRY--TOPICAL TERM (OCLC, RLIN)
Topical term or geographic name as entry element Hindi Poetry
9 (RLIN) 256519
906 ## - LOCAL DATA ELEMENT F, LDF (RLIN)
a 023125
942 ## - ADDED ENTRY ELEMENTS (KOHA)
Source of classification or shelving scheme Dewey Decimal Classification
Koha item type Book
Holdings
Withdrawn status Lost status Source of classification or shelving scheme Damaged status Not for loan Collection code Home library Current library Shelving location Date acquired Cost, normal purchase price Total Checkouts Full call number Barcode Date last seen Price effective from Koha item type
    Dewey Decimal Classification     Hindi St Aloysius Library St Aloysius Library   02/17/2021 0.00   861/105 023125 02/17/2021 02/17/2021 Book